| 000 | 00406nam a2200181Ia 4500 | ||
|---|---|---|---|
| 005 | 20240823032843.0 | ||
| 008 | 240823s9999||||xx |||||||||||||| ||und|| | ||
| 041 | _aENGLISH | ||
| 082 | _A323.40 P8 | ||
| 100 | _aManikandan Turai | ||
| 245 | 0 | _aManitha Urimai sithanaigal | |
| 250 | _a1st | ||
| 260 |
_c2008 _bNal |
||
| 500 | _aYES | ||
| 650 |
_aTamil Book _bGeneral |
||
| 942 | _cBK | ||
| 999 |
_c194415 _d194415 |
||